La tragédie française : Règles classiques, passions tragiques (notice n° 1567197)

détails MARC
000 -LEADER
fixed length control field 01469cam a2200133 4500500
005 - DATE AND TIME OF LATEST TRANSACTION
control field 20251214002607.0
041 ## - LANGUAGE CODE
Language code of text/sound track or separate title fre
042 ## - AUTHENTICATION CODE
Authentication code dc
100 10 - MAIN ENTRY--PERSONAL NAME
Personal name Forestier, Georges
Relator term author
245 00 - TITLE STATEMENT
Title La tragédie française : Règles classiques, passions tragiques
260 ## - PUBLICATION, DISTRIBUTION, ETC.
Name of publisher, distributor, etc. Armand Colin,<br/>
Date of publication, distribution, etc. 2016.<br/>
520 ## - SUMMARY, ETC.
Summary, etc. Les auteurs et théoriciens français du XVIIe siècle, voulant que les spectateurs de tragédie oublient leur statut de spectateurs pour devenir les témoins hallucinés du déchaînement des passions ont rêvé d'abolir toute trace du code artistique pour faire croire aux spectateurs, durant le temps de la représentation, que les événements se racontaient d'eux-mêmes, comme s'il ne s'agissait pas d'une fiction inventée par un dramaturge. Mais pour effacer toute perception du code, ils ont paradoxalement instauré un nouvel ensemble de règles, les "règles classiques". Pour éclairer cette spécificité paradoxale de la tragédie française, pour permettre de comprendre la nature des tragédies de Corneille et Racine, ce livre examine les fondements du système de la représentation classique, les caractéristiques de la dramaturgie propre à la tragédie française et les modalités d'intégration et de fonctionnement des caractères et des passions, avant de finir par interroger la notion de tragique elle-même. 
856 41 - ELECTRONIC LOCATION AND ACCESS
Uniform Resource Identifier <a href="https://shs.cairn.info/la-tragedie-francaise--9782200616090?lang=fr&redirect-ssocas=7080">https://shs.cairn.info/la-tragedie-francaise--9782200616090?lang=fr&redirect-ssocas=7080</a>

Pas d'exemplaire disponible.

PLUDOC

PLUDOC est la plateforme unique et centralisée de gestion des bibliothèques physiques et numériques de Guinée administré par le CEDUST. Elle est la plus grande base de données de ressources documentaires pour les Étudiants, Enseignants chercheurs et Chercheurs de Guinée.

Adresse

627 919 101/664 919 101

25 boulevard du commerce
Kaloum, Conakry, Guinée

Réseaux sociaux

Powered by Netsen Group @ 2025